• 首页
  • 本馆介绍
  • 公告通知
  • 最新文献
  • 馆藏检索
  • 电子资源
  • 读者导购
  • 参考咨询
  • 我的图书馆
  • 登录
  • 详细信息显示
  • 放入我的书架
  • 预约/预借图书
  • 作者相关作品
  • 分类相关作品
  • 丛书相关作品
  • 出版社相关作品

书目信息

  • 表格格式
  • 工作单格式
  • 卡片格式
题名:
蛋白质微阵列
    
 
作者: 谢纳 编 ;童明庆 , 王台虎 主译
分册:  
出版信息: 北京   化学工业出版社  2008
页数: 457页
开本: 24cm
丛书名: 蛋白质科学与技术丛书
单 册:
中图分类: Q51
科图分类:
主题词: 蛋白质--研究 , 蛋白质
电子资源:
ISBN: 978-7-122-00862-6
000 01159oam2 2200337 45
001 1032959984
005 20100407171304.57
010    @a978-7-122-00862-6@dCNY55.00
100    @a20100330d2008 em y0chiy0110 ea
101 1  @achi@ceng
102    @aCN@b110000
105    @aa z 001yy
106    @ar
200 1  @a蛋白质微阵列@ADan Bai Zhi Wei Zhen Lie@dProtein microarrays@f(加) M. 谢纳(Mark Schena)编@F( Jia ) M. Xie Na (Mark Schena) Bian@g童明庆,王台虎主译@zeng
210    @a北京@c化学工业出版社@d2008
215    @a457页@c图@d24cm
225 2  @a蛋白质科学与技术丛书
300    @a“十一五”国家重点图书
305    @a由Jones and Bartlett Publishers, Inc.授权出版
320    @a有索引(450页-457页)
330    @a本书详细介绍了蛋白质微阵列的原理、制作和检测新策略、操作规范和应用等内容。
461  0 @12001 @a蛋白质科学与技术丛书
510 1  @aProtein microarrays@zeng
606 0  @a蛋白质@x研究
606 0  @a蛋白质
690    @aQ51@v4
701  1 @a谢纳@AXie Na@g(Schena, Mark)@4编
702  0 @a童明庆@ATong Ming Qing@4主译
702  0 @a王台虎@AWang Tai Hu@4主译
801  0 @aCN@bTANGWEI@c20100407
905    @b0586708-12@dQ51@e167@f5
    
    蛋白质微阵列=Protein microarrays/(加) M. 谢纳(Mark Schena)编/童明庆,王台虎主译.-北京:化学工业出版社,2008
    457页:图;24cm.-(蛋白质科学与技术丛书)
    “十一五”国家重点图书
    
    ISBN 978-7-122-00862-6:CNY55.00
    本书详细介绍了蛋白质微阵列的原理、制作和检测新策略、操作规范和应用等内容。
●
相关链接 在E读中查询图书 在五车中查询图书 在当当中查询图书 在豆瓣中查询图书


正题名:蛋白质微阵列     索取号:Q51/167         预约/预借

序号 登录号 条形码 馆藏地/架位号 状态 备注
1 0586708   205867089   第二样本阅览室/ [索取号:Q51/167] 在馆    
2 0586709   205867098   第三借阅区/ [索取号:Q51/167] 在馆    
3 0586710   205867105   第三借阅区/ [索取号:Q51/167] 在馆    
4 0586711   205867114   第三借阅区/ [索取号:Q51/167] 在馆    
5 0586712   205867123   第三借阅区/ [索取号:Q51/167] 在馆    
唐山师范学院图书馆 欢迎您!
大连网信软件有限公司© 版权所有